[Event "IECG CP.2006.P.00024 email"]
[Site "IECG email"]
[Date "2006.10.01"]
[Round "?"]
[White "Lombart, Philippe"]
[Black "Castrovillari, Antonio"]
[Result "1/2-1/2"]
[WhiteElo "1848"]
[BlackElo "800"]
[PlyCount "67"]
[EventDate "2006.10.01"]
[EventType "tourn (corr)"]
[EventRounds "6"]
[SourceTitle "Corr 2011"]
[Source "ChessBase"]
[SourceDate "2010.08.31"]
[SourceVersion "1"]
[SourceVersionDate "2010.08.31"]
[SourceQuality "1"]

1. d4 Nf6 2. c4 c5 3. d5 d6 4. Nc3 g6 5. e4 Bg7 6. f4 e6 7. Nf3 0-0 8. e5 dxe5 9. fxe5 Ng4 10. Bg5 Qa5 11. Be2 exd5 12. cxd5 Nxe5 13. 0-0 Nxf3+ 14. Bxf3 c4 15. Be7 Re8 16. d6 Nc6 17. Bd5 Be6 18. Bxc6 bxc6 19. Qd2 Qb6+ 20. Kh1 Rab8 21. Na4 c3 22. bxc3 Qa5 23. Qf4 Be5 24. Qh4 f6 25. Rad1 Qb5 26. Rf2 Bc4 27. Nb2 Bxa2 28. c4 Qb3 29. Qg4 Bxb2 30. Qe6+ Kg7 31. Rc1 Kh6 32. Rf4 Bxc1 33. Rh4+ Kg7 34. Qxf6+ 1/2-1/2